| 000 | 00604nam a22001937a 4500 | ||
|---|---|---|---|
| 003 | SISC | ||
| 005 | 20170710141422.0 | ||
| 008 | 170710b xxu||||| |||| 00| 0 eng d | ||
| 020 | _a9786218029026 | ||
| 050 |
_aHF 5681.B2 _b.M645 2017 |
||
| 100 | _aMillan, Zeus Vernon B. | ||
| 245 |
_aAdvanced financial accounting & reporting part 2 / _cZeus Vernon B. Millan. |
||
| 250 | _a2017 edition. | ||
| 260 |
_aBaguio City : _bBandolin Enterprise, _c2017. |
||
| 300 |
_axvi, 65 pages ; _c22 cm. |
||
| 500 | _aIncludes appendices and bibliographical references. | ||
| 650 | _aAccounting. | ||
| 942 |
_2lcc _cBK |
||
| 999 |
_c337474 _d337474 |
||